The Latex of Hevea brasiliensis contains high levels of both chitinases and chitianases/isozymes (Record no. 70820)

MARC details
000 -LEADER
fixed length control field 00420nam a2200145Ia 4500
100 ## - MAIN ENTRY--AUTHOR NAME
Personal name Martin M N
245 #4 - TITLE STATEMENT
Title The Latex of Hevea brasiliensis contains high levels of both chitinases and chitianases/isozymes
260 ## - PUBLICATION, DISTRIBUTION, ETC. (IMPRINT)
Name of publisher Plant physiology
Year of publication 1991
300 ## - PHYSICAL DESCRIPTION
Number of Pages p469-76
500 ## - GENERAL NOTE
General note Source Year: 1991
650 ## - SUBJECT ADDED ENTRY--TOPICAL TERM
Topical Term Hevea brasiliensis
856 ## - ELECTRONIC LOCATION AND ACCESS
Uniform Resource Identifier HORA
942 ## - ADDED ENTRY ELEMENTS (KOHA)
Koha item type Journals
Holdings
Withdrawn status Lost status Damaged status Not for loan Home library Current library Date acquired Serial Enumeration / chronology Koha item type
      Journals RRII Library RRII Library 17/12/2021 Volume 95, Issue 2 Journals